000 02422nam a22004217a 4500
005 20170708020002.0
008 130822b2012 ck ||||| |||| 00| 0 spa d
020 _a9789588343846
040 _aCO-BoIAVH
_cCO-BoIAVH
041 _aspa
044 _ack
082 _a581.634
_bH919p
100 1 _aMatapí-Yucuna, Uldarico
245 1 0 _aPlantas y territorio en los sistemas tradicionales de salud en Colombia
_bcontribuciones de la biodiversidad al bienestar humano y la autonomía
_cUldarico Matapí Yucuna ... [et al].
260 _aBogotá
_bInstituto de Investigación de Recursos Biológicos Alexander von Humboldt
_c2012
300 _a192 páginas :
_bilustraciones ;
_c22 x 21 cm.
504 _aIncluye referencias bibliográficas (p. 190-191)
505 0 _aCapítulo 1 - Pensamiento y territorio.
505 0 _aCapítulo 2 - Humanidad.
505 0 _aCapítulo 3 - Enfermedad.
505 0 _aCapítulo 4 - Medicinas.
520 _aPublicación inscrita en el proceso de investigación del Instituto Humboldt y su programa dimensiones Socioeconómicas de la Conservación y Uso de la Biodiversidad alrededor de los usos y el aprovechamiento de la biodiversidad y sus contribuciones al ser humano. El documento reúne los resultados obtenidos mediante cinco estudios de caso realizados con comunidades indígenas de la Costa Caribe y Upichía (Matapí) de la Amazonía, afrodescendientes de Nuquí en el Pacífico chocoano y de Palenque de San Basilio en el departamento de Bolívar, y campesinos del páramo de Rabanal en el Altiplano Cundiboyacense. Describe la importancia de las plantas medicinales en la construcción de sistemas locales de salud y el manejo del territorio.
590 _aNo. contribución IAVH 482
650 6 _aPlantas medicinales
650 6 _aBotánica médica
_zColombia
650 6 _aMedicina tradicional
_zColombia
650 6 _aPoblación indígena
_zColombia
650 6 _aPolítica de salud
_zColombia
650 6 _aPolítica médica
_zColombia
650 6 _aConocimiento tradicional
_zColombia
700 1 _aMeléndez-Santacruz, Iván
700 1 _aPérez-Salinas, Manuel
700 1 _aRodríguez-Gómez, Rubén
700 1 _aMartínez, Gustavo
700 1 _aVásquez, Carlos
_ecompilador
700 1 _aRestrepo, Sebastián
_ecompilador
942 _2ddc
_cLIBRO
_01
999 _c7607
_d7607